Statistiques concernant Quel est mon format originel ?

Cliquez ici pour prendre le quiz!

Statistiques générales

  • Ce quiz a été pris 124 fois
    (118 depuis la dernière actualisation)
  • Le résultat moyen est 10 sur 15

Statistiques - réponses

QuestionRéponse% Correct
AstérixBande-dessinée
98%
FriendsSérie TV
97%
SonicJeu vidéo
93%
One PieceManga
93%
BatmanComics
90%
Harry PotterRoman
90%
Tomb RaiderJeu Vidéo
87%
James BondRoman
72%
PokémonJeu Vidéo
58%
Les Tortues NinjaComics
54%
Star TrekSérie TV
54%
Peter PanRoman
47%
ZorroRoman
33%
GoldorakSérie animée
27%
The Witcher / Le SorceleurNouvelle
11%

Distribution des résultats

Percentile par nombre de réponses

% des personnes avec chaque résultat

Votre développement - résultats

Vous n’avez pas pris ce quiz depuis la dernière actualisation